| 000 | 01160nam a22003377a 4500 | ||
|---|---|---|---|
| 003 | CHAP | ||
| 005 | 20220329140624.0 | ||
| 008 | 971013s1969 r 00010 d | ||
| 010 | _a54901 | ||
| 011 | _a55873 | ||
| 035 | _a60026 | ||
| 040 | _cCHAP | ||
| 090 | _aFolleto 3137 | ||
| 100 | 0 | 0 |
_aSantis, Luis de. _9102436 |
| 245 |
_aHymenoptera _b: clave de las familias con representantes entomófagos |
||
| 260 |
_aTucumán : _bUniv. Nal. de Tucumán. Fac. de Agronomía y Zootecnia, _c1969 |
||
| 300 |
_a41 p. _b: ilus. |
||
| 490 |
_aApuntes de control biológico _v; 6 |
||
| 590 |
_aBATCH-UPD _b10 _c20130110 _lUCH01 _h0620 |
||
| 590 |
_aBATCH-UPD _b10 _c20130110 _lUCH01 _h2326 |
||
| 590 |
_aBATCH-UPD _b10 _c20130410 _lUCH01 _h0303 |
||
| 590 |
_aBATCH-UPD _b10 _c20130914 _lUCH01 _h1617 |
||
| 590 |
_aCONVERSION _b10 _c20130109 _lUCH01 _h1330 |
||
| 650 | 1 | 4 |
_aEntomología sistemática. _937154 |
| 650 | 1 | 4 |
_aHimenópteros _xArgentina. _955475 |
| 830 | 0 |
_aApuntes de control biologico _v; 6 _96385 |
|
| 901 | _aBK | ||
| 942 | _cFOLL | ||
| 949 |
_aFolleto 3137 _bBC _cFOLL _d-129558 _eTS1 _i60026 _si |
||
| 949 |
_aFolleto 3137 _bBC _cFOLL _d-129559 _eTS2 _fc.2 _i60026 _si |
||
| 999 |
_c54901 _d54901 |
||